Výstavy třetího tisíciletí
Rozhovor s Rudolfom Otom, riaditeľom brnenskej firmy Expo Line a pražskej Asociácie výstavníckych firiem v Českej republike (AVF). Perspektívy výstavníctva. Nové prístupy. Medzinárodný kongres Medzinárodnej únie veľtrhov (VFI), ktorá sa bude konať v Prahe. Význam medzinárodných konferencií o výstavn...
Salvato in:
| Autore principale: | |
|---|---|
| Altri autori: | |
| Natura: | Capitolo di libro |
| Lingua: | ceco |
| Soggetti: | |
| Tags: |
Nessun Tag, puoi essere il primo ad aggiungerne!!
|
MARC
| LEADER | 00000naa a2200000 4500 | ||
|---|---|---|---|
| 001 | r025508 | ||
| 005 | 20230911123023.8 | ||
| 041 | 0 | |a cze | |
| 044 | |a CZ | ||
| 245 | 1 | 0 | |a Výstavy třetího tisíciletí |c Vlastimil Růžička, Sabina Kunešová |
| 520 | |a Rozhovor s Rudolfom Otom, riaditeľom brnenskej firmy Expo Line a pražskej Asociácie výstavníckych firiem v Českej republike (AVF). Perspektívy výstavníctva. Nové prístupy. Medzinárodný kongres Medzinárodnej únie veľtrhov (VFI), ktorá sa bude konať v Prahe. Význam medzinárodných konferencií o výstavníctve. | ||
| 610 | 2 | 0 | |a výstavy |
| 610 | 2 | 0 | |a veľtrhy |
| 610 | 2 | 0 | |a Česko |
| 610 | 2 | 0 | |a Expo Line Brno |
| 610 | 2 | 0 | |a Praha |
| 610 | 2 | 0 | |a konferencie |
| 100 | 1 | |a Růžička, Vlastimil | |
| 700 | 1 | |a Kunešová, Sabina | |